000 00460nam a2200181Ia 4500
005 20250326141429.0
008 250326s9999 xx 000 0 und d
037 _aTextbook
040 _aFMSL
_beng
_cFMSL
041 _aeng
_2eng
084 _qFMSL
100 _aBombay Stock
245 0 _aBombay stock exchange official directory
_cBombay Stock
260 _aBombay
_bBombay
_c1988
490 _vVol 1-4
942 _cTB
999 _c1290278
_d1290278